[Event "FISU World University-ch 2020"]
[Site "Online"]
[Date "2020.10.26"]
[Round "8.19"]
[White "Bail, Ellen Larissa"]
[Black "Pulpan, Matej"]
[Result "0-1"]
[WhiteElo "1848"]
[BlackElo "2077"]
[Annotator "TA"]
[PlyCount "76"]
[EventDate "2020.10.26"]
[SourceTitle "playchess.com"]
[Source "ChessBase"]
[SourceQuality "1"]

1. d4 Nf6 2. c4 g6 3. Nc3 Bg7 4. Nf3 O-O 5. Bg5 d6 6. e3 Nc6 7. Be2 Bf5 8. O-O Ne4 9. Nxe4 Bxe4 10. Rc1 f6 11. Bh4 e5 12. Nd2 Bf5 13. d5 Ne7 14. b4 h5 15. f3 g5 16. Bf2 Ng6 17. Qb3 Kh7 18. Rfd1 g4 19. e4 Nf4 20. Bf1 Bg6 21. c5 gxf3 22. gxf3 Bh6 23. Kh1 Rg8 24. Rc2 f5 25. b5 b6 26. cxd6 cxd6 27. Rc6 fxe4 28. fxe4 Qf6 29. Qf3 h4 30. Bh3 Bh5 31. Rc7+ Kh8 32. Qa3 Bxd1 33. Bf5 Ng6 34. Be1 Ne7 35. Qh3 Nxf5 36. exf5 Qg5 37. Bf2 Qxd2 38. Qxh4 Bf3# 0-1

[Event "FISU World University-ch 2020"]
[Site "Online"]
[Date "2020.10.26"]
[Round "8.20"]
[White "Benedetti, Julio"]
[Black "Rosales Schulz, Robin"]
[Result "0-1"]
[WhiteElo "2282"]
[BlackElo "2133"]
[Annotator "ChessBase"]
[PlyCount "64"]
[EventDate "2020.10.26"]
[SourceTitle "playchess.com"]
[Source "ChessBase"]
[SourceQuality "1"]

1. e4 g6 2. d4 Bg7 3. Nc3 d6 4. Bc4 e6 5. Be3 Ne7 6. Qd2 h6 7. f3 a6 8. a4 b6 9. Nge2 d5 10. Bb3 Nbc6 11. O-O-O Bb7 12. g4 b5 13. exd5 exd5 14. Kb1 Na5 15. axb5 axb5 16. Nxb5 Nxb3 17. cxb3 Ba6 18. Nbc3 Rb8 19. Nc1 Nc6 20. Rhe1 Kf8 21. Na4 Kg8 22. Qc3 Bb5 23. Nc5 Kh7 24. h4 Ra8 25. h5 Qf6 26. f4 Ra7 27. N1d3 Rha8 28. Ne5 gxh5 29. Ncd7 Qe7 30. Nxc6 Qe4+ 31. Kc1 Ra1+ 32. Kd2 Qg2+ 0-1

[Event "FISU World University-ch 2020"]
[Site "Online"]
[Date "2020.10.26"]
[Round "8.20"]
[White "Campos, Maria Jose"]
[Black "Cabezas Quiroz, Marco"]
[Result "1-0"]
[WhiteElo "2112"]
[BlackElo "1661"]
[Annotator "TA"]
[PlyCount "117"]
[EventDate "2020.10.26"]
[SourceTitle "playchess.com"]
[Source "ChessBase"]
[SourceQuality "1"]

1. c4 e5 2. g3 Nf6 3. Bg2 Nc6 4. Nc3 d6 5. d3 Be7 6. e4 O-O 7. Nge2 Bg4 8. O-O Qd7 9. Be3 Bh3 10. Nd5 Bxg2 11. Kxg2 Rfe8 12. h3 Nd8 13. Rc1 c6 14. Ndc3 d5 15. cxd5 cxd5 16. Bg5 d4 17. Bxf6 Bxf6 18. Nd5 Ne6 19. f4 Rac8 20. f5 Nc5 21. Qd2 Qd8 22. h4 h6 23. Rc2 Nd7 24. Rxc8 Qxc8 25. Rc1 Qd8 26. Qb4 b6 27. Nc7 Rf8 28. Nd5 Nc5 29. Qd2 a5 30. Ng1 Kh7 31. Nf3 g6 32. fxg6+ fxg6 33. Rf1 Bg7 34. a3 b5 35. Qc2 Ne6 36. Qc6 Qe8 37. Qxe8 Rxe8 38. Rc1 g5 39. hxg5 hxg5 40. Rc6 g4 41. Nh4 Ng5 42. Rc7 Kg8 43. Nf5 Ne6 44. Ra7 a4 45. Nxg7 Nxg7 46. Nf6+ Kf8 47. Nxe8 Nxe8 48. Rb7 Nd6 49. Rd7 Nf7 50. Rd5 Ke7 51. Rxb5 Ke6 52. Rb6+ Ke7 53. Ra6 Ng5 54. Rxa4 Nf3 55. Kf2 Kd6 56. b4 Kc6 57. Ra6+ Kb5 58. Ra5+ Kb6 59. a4 1-0

[Event "FISU World University-ch 2020"]
[Site "Online"]
[Date "2020.10.26"]
[Round "8.20"]
[White "Vasquez Vasquez, Sebastian"]
[Black "Cimer, Emanuel"]
[Result "0-1"]
[WhiteElo "1726"]
[BlackElo "2247"]
[Annotator "ChessBase"]
[PlyCount "100"]
[EventDate "2020.10.26"]
[SourceTitle "playchess.com"]
[Source "ChessBase"]
[SourceQuality "1"]

1. e4 c5 2. Nf3 d6 3. Bb5+ Bd7 4. Bxd7+ Qxd7 5. O-O Nc6 6. c3 Nf6 7. Qe2 e6 8. d4 cxd4 9. cxd4 d5 10. Nc3 dxe4 11. Nxe4 Be7 12. Bf4 O-O 13. Rfd1 Rfd8 14. Nc5 Bxc5 15. dxc5 Nd5 16. Bg5 f6 17. Be3 Re8 18. a3 a5 19. h3 Qc7 20. Nd2 Re7 21. Nc4 Rd8 22. Nd6 Qb8 23. Qb5 Ne5 24. Bd4 Nf7 25. b4 axb4 26. axb4 Nxd6 27. cxd6 Qxd6 28. Bc5 Qd7 29. Qe2 Ree8 30. Qf3 Qb5 31. Ra5 Qc4 32. Ra7 Qb5 33. Rda1 Rd7 34. Ra8 Rdd8 35. R8a7 Qc6 36. Qb3 b6 37. Qg3 Rd7 38. Rxd7 Qxd7 39. Bd4 e5 40. Be3 Rc8 41. Rd1 Nxe3 42. Re1 Nd5 43. Kh2 Qf7 44. Qg4 Rd8 45. Rd1 Qd7 46. Qc4 b5 47. Qb3 Kh8 48. Qa2 g6 49. Qa6 Kg7 50. Qa5 e4 0-1

[Event "FISU World University-ch 2020"]
[Site "Online"]
[Date "2020.10.26"]
[Round "8.21"]
[White "Carstens Dobuchak, Thiago"]
[Black "Santos, Ricardo Alexandre Lu"]
[Result "1-0"]
[WhiteElo "2184"]
[BlackElo "2113"]
[Annotator "TA"]
[PlyCount "67"]
[EventDate "2020.10.26"]
[SourceTitle "playchess.com"]
[Source "ChessBase"]
[SourceQuality "1"]

1. d4 Nf6 2. c4 c5 3. d5 b5 4. Qc2 bxc4 5. e4 e6 6. Bxc4 exd5 7. exd5 Be7 8. Ne2 O-O 9. O-O d6 10. Ng3 Re8 11. Nc3 Nbd7 12. Bb5 a6 13. Bc6 Rb8 14. Re1 Bb7 15. Bxb7 Rxb7 16. Nf5 Nb6 17. Rd1 Bf8 18. Bg5 g6 19. Nh6+ Bxh6 20. Bxh6 Ng4 21. Bf4 Ne5 22. Ne4 f5 23. Bg5 Qb8 24. Nf6+ Kg7 25. Nxe8+ Qxe8 26. f4 Ng4 27. Re1 Qf7 28. Re6 Nxd5 29. Rxd6 Nge3 30. Qd2 h6 31. Bh4 Qc7 32. Rxd5 Nxd5 33. Qxd5 Rxb2 34. Re1 1-0

[Event "FISU World University-ch 2020"]
[Site "Online"]
[Date "2020.10.26"]
[Round "8.21"]
[White "Librelato, Kathie Goulart"]
[Black "Santos, Rita Alexandra L Sil"]
[Result "1-0"]
[WhiteElo "2165"]
[BlackElo "1606"]
[Annotator "TA"]
[PlyCount "141"]
[EventDate "2020.10.26"]
[SourceTitle "playchess.com"]
[Source "ChessBase"]
[SourceQuality "1"]

1. e4 e5 2. Nf3 Nc6 3. Bb5 f5 4. d3 a6 5. Bxc6 bxc6 6. Nxe5 Qf6 7. Nf3 fxe4 8. dxe4 Bc5 9. O-O Ne7 10. Nc3 d6 11. Bg5 Qg6 12. Qd2 h6 13. Bxe7 Kxe7 14. e5 Bh3 15. exd6+ cxd6 16. Nh4 Qg4 17. Qe2+ Qxe2 18. Nxe2 Bg4 19. Ng3 Rhe8 20. h3 Be6 21. Ne4 Bd4 22. c3 Bf6 23. Ng6+ Kd7 24. Rad1 d5 25. Nf4 Bf5 26. Nxf6+ gxf6 27. f3 Re3 28. c4 Be6 29. Kf2 Re5 30. Nd3 Rg5 31. f4 Rg7 32. Rfe1 Bg8 33. Nc5+ Kd6 34. Ne4+ Ke6 35. Ng3+ Kd7 36. Nf5 Rh7 37. cxd5 Bxd5 38. b3 Rg8 39. g3 h5 40. Re3 Kc7 41. Ne7 Rd8 42. Nxd5+ cxd5 43. Re6 a5 44. Rxf6 Kb7 45. f5 d4 46. Re6 Rf7 47. g4 hxg4 48. hxg4 Rg7 49. Kf3 d3 50. Re3 d2 51. f6 Rh7 52. Re7+ Rxe7 53. fxe7 Re8 54. Rxd2 Rxe7 55. g5 Kb6 56. Kf4 Kb5 57. g6 Re1 58. g7 Rg1 59. Rd5+ Kb4 60. Rg5 Rf1+ 61. Kg4 Rg1+ 62. Kh5 Rh1+ 63. Kg6 Ka3 64. g8=Q Kxa2 65. Rxa5+ Kb2 66. Qg7+ Kc2 67. Qc7+ Kb2 68. Qe5+ Kxb3 69. Qc5 Kb2 70. Rb5+ Ka2 71. Qa7# 1-0

[Event "FISU World University-ch 2020"]
[Site "Online"]
[Date "2020.10.26"]
[Round "8.21"]
[White "Paiva, Henrique M A Alberga"]
[Black "Cadilhac, Igor Tokuichi Kikuch"]
[Result "1-0"]
[WhiteElo "2068"]
[BlackElo "2323"]
[Annotator "TA"]
[PlyCount "163"]
[EventDate "2020.10.26"]
[SourceTitle "playchess.com"]
[Source "ChessBase"]
[SourceQuality "1"]

1. e4 c5 2. Nf3 g6 3. Nc3 Bg7 4. d4 cxd4 5. Nxd4 Nc6 6. Be3 Nf6 7. Bc4 O-O 8. Bb3 d6 9. f3 Bd7 10. h4 h5 11. Qd2 Rc8 12. O-O-O Ne5 13. Kb1 b5 14. g4 hxg4 15. Bh6 Nh5 16. fxg4 Bxg4 17. Rdg1 Kh7 18. Bxg7 Kxg7 19. Qg5 e6 20. Rxg4 Nxg4 21. Qxg4 b4 22. Nce2 Qf6 23. Rg1 Rc5 24. Bxe6 Kh7 25. Bd5 Re8 26. Qg5 Qf2 27. Qg2 Qxg2 28. Rxg2 Re7 29. Nc6 Rd7 30. Nxb4 Nf6 31. Nd3 Rc8 32. Nef4 Re7 33. h5 gxh5 34. Rg5 Rg8 35. Rf5 Rg1+ 36. Nc1 Nxe4 37. Rxh5+ Kg7 38. Bxe4 Rxe4 39. Nfd3 Rf1 40. a3 f5 41. Ka2 f4 42. Nb3 Re2 43. Nd4 Rg2 44. Rf5 Rg4 45. Rxf4 Rfxf4 46. Ne6+ Kf6 47. Nexf4 Ke7 48. Nd5+ Ke6 49. Nc7+ Kd7 50. Nb5 a6 51. Nc3 Kc6 52. Kb3 Rh4 53. Ne2 Rg4 54. Kc3 Rh4 55. Nd4+ Kd5 56. Nb4+ Ke4 57. Nxa6 Rh3+ 58. Kc4 d5+ 59. Kc5 Rh8 60. Nb5 Rh2 61. Nb4 d4 62. Nd6+ Ke5 63. Nc4+ Ke4 64. a4 Rh5+ 65. Kc6 d3 66. cxd3+ Kd4 67. a5 Rh6+ 68. Kb5 Rh5+ 69. Ka4 Kc5 70. a6 Rh7 71. Nc2 Kc6 72. b4 Kc7 73. b5 Kb8 74. b6 Ka8 75. Kb5 Rh5+ 76. Kc6 Rh2 77. Nb4 Rh7 78. Nd5 Kb8 79. a7+ Ka8 80. Nc7+ Rxc7+ 81. bxc7 Kxa7 82. Kd7 1-0

[Event "FISU World University-ch 2020"]
[Site "Online"]
[Date "2020.10.26"]
[Round "8.21"]
[White "Fernandes, Tiago Saraiva"]
[Black "Alboredo, Julia"]
[Result "1-0"]
[WhiteElo "1950"]
[BlackElo "2182"]
[Annotator "TA"]
[PlyCount "69"]
[EventDate "2020.10.26"]
[SourceTitle "playchess.com"]
[Source "ChessBase"]
[SourceQuality "1"]

1. e4 c5 2. Nf3 d6 3. Bb5+ Nc6 4. O-O Bd7 5. Re1 Nf6 6. c3 a6 7. Bc4 b5 8. Bf1 Bg4 9. a4 Rb8 10. d4 Bxf3 11. gxf3 e5 12. dxc5 dxc5 13. Qxd8+ Nxd8 14. Na3 c4 15. axb5 axb5 16. Nc2 Ne6 17. Be3 Bc5 18. Bxc5 Nxc5 19. Nb4 Nb3 20. Ra7 O-O 21. Nc6 Ra8 22. Rb7 Nh5 23. Rxb5 Nd2 24. Bg2 f6 25. Rd1 Nb3 26. Bf1 Kh8 27. Bxc4 Rac8 28. Bd5 f5 29. Rxb3 fxe4 30. Bxe4 Nf6 31. Nxe5 Nxe4 32. fxe4 Rce8 33. Rd5 Rf4 34. f3 g5 35. Rb7 1-0

[Event "FISU World University-ch 2020"]
[Site "Online"]
[Date "2020.10.26"]
[Round "8.22"]
[White "Daeschler, Florian"]
[Black "Felix Soto, Alfredo"]
[Result "1/2-1/2"]
[WhiteElo "2254"]
[BlackElo "2075"]
[Annotator "ChessBase"]
[PlyCount "63"]
[EventDate "2020.10.26"]
[SourceTitle "playchess.com"]
[Source "ChessBase"]
[SourceQuality "1"]

1. d4 d5 2. c4 dxc4 3. e4 Nf6 4. e5 Nd5 5. Bxc4 Bf5 6. Ne2 e6 7. O-O Be7 8. Nbc3 Nxc3 9. bxc3 O-O 10. Be3 Nd7 11. Ng3 Bg6 12. f4 c5 13. f5 exf5 14. Nxf5 Nb6 15. Bd3 Nd5 16. Bd2 cxd4 17. cxd4 Bg5 18. Bxg5 Qxg5 19. h4 Qd8 20. Qb3 Bxf5 21. Bxf5 Ne7 22. Rad1 Nxf5 23. Rxf5 Qxh4 24. Qxb7 Rab8 25. Qxa7 Rb2 26. Rdf1 Rxg2+ 27. Kxg2 Qg4+ 28. Kh2 Qh4+ 29. Kg2 Qg4+ 30. Kh2 Qh4+ 31. Kg2 Qg4+ 32. Kh2 1/2-1/2

[Event "FISU World University-ch 2020"]
[Site "Online"]
[Date "2020.10.26"]
[Round "8.22"]
[White "Velo Arredondo, Alonso"]
[Black "Cahen, Alexis"]
[Result "1/2-1/2"]
[WhiteElo "2068"]
[BlackElo "2131"]
[Annotator "ChessBase"]
[PlyCount "183"]
[EventDate "2020.10.26"]
[SourceTitle "playchess.com"]
[Source "ChessBase"]
[SourceQuality "1"]

1. e4 c5 2. Nf3 d6 3. c3 Nf6 4. h3 Nbd7 5. Bd3 b6 6. O-O Bb7 7. Re1 c4 8. Bxc4 Nxe4 9. d3 Nef6 10. d4 d5 11. Bd3 e6 12. Bg5 Be7 13. Nbd2 h6 14. Bf4 O-O 15. Nh2 Ne8 16. Ndf3 Bd6 17. Ne5 Qc7 18. Nhg4 f5 19. Nxd7 Qxd7 20. Bxd6 Qxd6 21. Ne5 Nf6 22. f3 a6 23. Qd2 Rfe8 24. Re2 Bc6 25. Rae1 Bb5 26. Bxb5 axb5 27. a3 Nd7 28. Nxd7 Qxd7 29. Re5 Re7 30. Kf2 Rae8 31. Ke2 g5 32. Kd1 Rg7 33. Qe2 Kf7 34. Kc1 Rg6 35. Kb1 Rf6 36. g3 Qc6 37. Qd2 Qd7 38. f4 Rg6 39. g4 fxg4 40. hxg4 gxf4 41. Qxf4+ Rf6 42. Qe3 Rg8 43. g5 hxg5 44. Rxg5 Qe8 45. Ka2 Qf8 46. Reg1 Rxg5 47. Rxg5 Qc8 48. Qe2 Qc4+ 49. Qxc4 bxc4 50. Rh5 Kg7 51. Rh2 b5 52. a4 bxa4 53. Ka3 Rf7 54. Kxa4 Rb7 55. Ka3 Rb3+ 56. Ka2 Rb7 57. Kb1 Kf6 58. Rf2+ Ke7 59. Rh2 Kd6 60. Rh8 Rd7 61. Ra8 Rc7 62. Ra6+ Rc6 63. Ra8 Rb6 64. Kc2 e5 65. Rd8+ Kc6 66. dxe5 Rb7 67. Rd6+ Kc5 68. Rh6 Re7 69. Rh5 Rg7 70. Kb1 Rg1+ 71. Ka2 Re1 72. Rf5 Kb5 73. Rg5 Kc5 74. Rh5 Kb5 75. Rf5 Kc5 76. b3 cxb3+ 77. Kxb3 Rb1+ 78. Kc2 Re1 79. Kd2 Re4 80. Kd3 Re1 81. Rh5 Re4 82. Rg5 Re1 83. Rf5 Re4 84. Rh5 Re1 85. Kd2 Re4 86. Rg5 Kc4 87. Rf5 d4 88. cxd4 Kxd4 89. e6 Rxe6 90. Rf4+ Re4 91. Rxe4+ Kxe4 92. Ke2 1/2-1/2

[Event "FISU World University-ch 2020"]
[Site "Online"]
[Date "2020.10.26"]
[Round "8.22"]
[White "Budak, Rewi"]
[Black "Baltazar Ibanez, Diego"]
[Result "0-1"]
[WhiteElo "2065"]
[BlackElo "2054"]
[Annotator "NA"]
[PlyCount "94"]
[EventDate "2020.10.26"]
[SourceTitle "playchess.com"]
[Source "ChessBase"]
[SourceQuality "1"]

1. e4 e6 2. d4 d5 3. Nd2 Be7 4. a3 c5 5. exd5 Qxd5 6. Ngf3 cxd4 7. Bc4 Qd8 8. O-O Nc6 9. Nb3 Bf6 10. Re1 Nge7 11. Bg5 Nf5 12. Qd2 O-O 13. Rad1 Bxg5 14. Nxg5 Qf6 15. Nc5 e5 16. Nce4 Qg6 17. b4 a6 18. a4 h6 19. Nf3 Be6 20. Bd3 Rad8 21. Nc5 Bd5 22. Nh4 Qg4 23. Bxf5 Qxh4 24. Be4 b6 25. Bxd5 Rxd5 26. Nxa6 e4 27. g3 Qg4 28. Qe2 Qxe2 29. Rxe2 d3 30. cxd3 exd3 31. Red2 Ne5 32. Kg2 Rfd8 33. Rc1 Rd4 34. a5 bxa5 35. bxa5 Nc4 36. Rdd1 d2 37. Rc2 Nxa5 38. Nc5 R8d5 39. Nb7 Nxb7 40. Kf1 Nd6 41. Ke2 Kh7 42. h4 h5 43. Rc7 Re4+ 44. Kf1 Nc4 45. Kg2 Re1 46. Rxc4 Rxd1 47. Rc7 Rc1 0-1

[Event "FISU World University-ch 2020"]
[Site "Online"]
[Date "2020.10.26"]
[Round "8.22"]
[White "Torres Rosas, Rita Rosalia"]
[Black "Bellaiche, Elise"]
[Result "0-1"]
[WhiteElo "1859"]
[BlackElo "2036"]
[Annotator "ChessBase"]
[PlyCount "138"]
[EventDate "2020.10.26"]
[SourceTitle "playchess.com"]
[Source "ChessBase"]
[SourceQuality "1"]

1. d4 d5 2. c4 c6 3. Nf3 Nf6 4. e3 e6 5. b3 Be7 6. Bb2 O-O 7. Bd3 Nbd7 8. Nbd2 c5 9. cxd5 exd5 10. O-O cxd4 11. exd4 Nb8 12. Ne5 Bd6 13. Rc1 Be6 14. Bb1 Nbd7 15. Ndf3 Ne4 16. Qe2 Ndf6 17. Rfe1 Re8 18. Nd2 Nxd2 19. Qxd2 Qb6 20. Qg5 Rac8 21. Rxc8 Rxc8 22. Rc1 Rxc1+ 23. Qxc1 Qc7 24. Qe3 Bb4 25. f3 Qc8 26. Qd3 a6 27. g4 g6 28. Qe3 Bf8 29. Qf4 Bg7 30. h4 Nd7 31. Nxd7 Bxd7 32. h5 Qe8 33. Kf2 Bb5 34. Qe3 Qd8 35. hxg6 hxg6 36. Kg2 Qf6 37. Bd3 Bxd3 38. Qxd3 Qf4 39. Bc3 Bf6 40. Kf1 Qh2 41. Qe2 Qf4 42. Qd3 Kg7 43. Ke2 Qh2+ 44. Kd1 Qxa2 45. Bb4 Qa1+ 46. Ke2 Qxd4 47. Qxd4 Bxd4 48. Kd3 Be5 49. Ba5 Kf6 50. Bd8+ Ke6 51. Bb6 Kd7 52. Ba5 Kc6 53. Bd8 b6 54. Be7 Kc7 55. Bf8 a5 56. Be7 b5 57. Bf8 b4 58. Be7 Kc6 59. Bd8 Kb5 60. Be7 a4 61. bxa4+ Kxa4 62. Kc2 b3+ 63. Kb1 Kb5 64. Bg5 Kc4 65. f4 Bc3 66. f5 gxf5 67. gxf5 f6 68. Bh4 Kd3 69. Kc1 Ke4 0-1

[Event "FISU World University-ch 2020"]
[Site "Online"]
[Date "2020.10.26"]
[Round "8.23"]
[White "Limon Olmos, Ivan Alonso"]
[Black "Chen, Yiru"]
[Result "1-0"]
[WhiteElo "2154"]
[BlackElo "1828"]
[Annotator "TA"]
[PlyCount "107"]
[EventDate "2020.10.26"]
[SourceTitle "playchess.com"]
[Source "ChessBase"]
[SourceQuality "1"]

1. d4 Nf6 2. Nf3 e6 3. c4 b6 4. a3 Bb7 5. Nc3 d5 6. Bg5 Be7 7. e3 O-O 8. Rc1 h6 9. Bh4 Ne4 10. Bxe7 Qxe7 11. cxd5 exd5 12. Bd3 Nd7 13. O-O Ndf6 14. b4 a5 15. Qb3 Rfe8 16. h3 c5 17. bxc5 bxc5 18. Bb5 Reb8 19. dxc5 Nxc5 20. Qd1 Nce4 21. a4 Rc8 22. Ne2 Qb4 23. Qd4 Nd6 24. Bd3 Bc6 25. Ra1 Rab8 26. Qe5 Re8 27. Qd4 Qxd4 28. Nexd4 Bd7 29. Rfc1 Rec8 30. Rxc8+ Rxc8 31. Ne5 Be8 32. Bb5 Kf8 33. Bxe8 Kxe8 34. Rb1 Nfe4 35. Rb6 Nc4 36. Nxc4 dxc4 37. Rb5 c3 38. Re5+ Kd7 39. Rxe4 c2 40. Nxc2 Rxc2 41. Re5 Rc1+ 42. Kh2 Rc2 43. Kg3 Ra2 44. Rxa5 Kc6 45. Ra7 g5 46. Rxf7 Rxa4 47. Rf6+ Kd5 48. Rxh6 Ke5 49. Kf3 Ra8 50. Rb6 Rf8+ 51. Kg3 Kf5 52. f3 Rf7 53. Rb5+ Kg6 54. Kg4 1-0

[Event "FISU World University-ch 2020"]
[Site "Online"]
[Date "2020.10.26"]
[Round "8.23"]
[White "Wu, Yiquan"]
[Black "Herrera Camara, Genny Ceci"]
[Result "1-0"]
[WhiteElo "1550"]
[BlackElo "1828"]
[Annotator "NA"]
[PlyCount "101"]
[EventDate "2020.10.26"]
[SourceTitle "playchess.com"]
[Source "ChessBase"]
[SourceQuality "1"]

1. d4 Nf6 2. c4 e6 3. Nf3 Bb4+ 4. Bd2 Qe7 5. a3 Bxd2+ 6. Nbxd2 O-O 7. e4 d6 8. Bd3 e5 9. O-O Bg4 10. Qb3 c6 11. h3 Bh5 12. Rac1 Na6 13. c5 dxc5 14. dxe5 Ne8 15. Bxa6 bxa6 16. Qc4 Rc8 17. Qxc5 Qb7 18. b4 Qb5 19. Qxa7 Nc7 20. Rc5 Qa4 21. Rfc1 Nb5 22. Qb6 Qxa3 23. Rxc6 Rxc6 24. Qxc6 Qxb4 25. Qxa6 Nc3 26. Qd3 Na2 27. Rc2 Qa4 28. Qc4 Nb4 29. Rb2 Qa1+ 30. Rb1 Qa2 31. Qxb4 Bxf3 32. Nxf3 h6 33. Qb3 Qe2 34. e6 Qxe4 35. exf7+ Rxf7 36. Re1 Qf5 37. Re7 Kf8 38. Rxf7+ Qxf7 39. Qxf7+ Kxf7 40. Kh2 Kg6 41. Kg3 Kf5 42. Nh4+ Kf6 43. Kg4 g6 44. f4 Kf7 45. f5 g5 46. Nf3 Kf6 47. Nd4 Kf7 48. Kh5 Kg7 49. Ne6+ Kf6 50. Kxh6 Kxf5 51. Nxg5 1-0

[Event "FISU World University-ch 2020"]
[Site "Online"]
[Date "2020.10.26"]
[Round "8.24"]
[White "Barriga Silva, Felipe"]
[Black "Ramirez Madrid, Gerardo Alfonso"]
[Result "1-0"]
[WhiteElo "2125"]
[BlackElo "2029"]
[Annotator "NA"]
[PlyCount "79"]
[EventDate "2020.10.26"]
[SourceTitle "playchess.com"]
[Source "ChessBase"]
[SourceQuality "1"]

1. e4 e6 2. d3 d5 3. Nd2 c5 4. g3 Bd6 5. Bg2 Ne7 6. Ngf3 Nbc6 7. O-O O-O 8. Re1 Qc7 9. a3 Bd7 10. Qe2 f6 11. c3 d4 12. cxd4 cxd4 13. Nc4 e5 14. Bd2 Be6 15. Rac1 Rfc8 16. Nh4 b5 17. Nxd6 Qxd6 18. f4 Rab8 19. b4 a5 20. fxe5 fxe5 21. bxa5 Qxa3 22. Nf5 Bxf5 23. exf5 Qd6 24. Rf1 b4 25. Qg4 Rf8 26. Bg5 Nxa5 27. f6 Ng6 28. Be4 b3 29. Bd2 b2 30. Rb1 Nc6 31. Bg5 Kh8 32. Qh5 Kg8 33. Bxg6 hxg6 34. Qxg6 Rf7 35. Bh6 Ne7 36. Qg5 Qc6 37. Bxg7 Nd5 38. Qh6 Rfb7 39. f7+ Rxf7 40. Qh8# 1-0

[Event "FISU World University-ch 2020"]
[Site "Online"]
[Date "2020.10.26"]
[Round "8.24"]
[White "Morera Campos, Heizel Maria"]
[Black "Pinochet Gonzalez, Luis Enrique"]
[Result "0-1"]
[WhiteElo "1980"]
[BlackElo "1753"]
[Annotator "NA"]
[PlyCount "138"]
[EventDate "2020.10.26"]
[SourceTitle "playchess.com"]
[Source "ChessBase"]
[SourceQuality "1"]

1. e4 d6 2. Nc3 Nf6 3. g3 g6 4. Bg2 Bg7 5. Nge2 O-O 6. O-O Nbd7 7. d3 Rb8 8. Be3 a6 9. h3 b5 10. Qd2 c5 11. Rae1 Nb6 12. f4 Bb7 13. g4 Qc7 14. Nd1 d5 15. e5 d4 16. Bf2 Bxg2 17. Kxg2 Nfd5 18. Ng3 f6 19. exf6 Nxf4+ 20. Kh2 Bxf6 21. Ne4 Be5 22. Bg3 Nbd5 23. Ng5 Bd6 24. Ne4 e5 25. Nxd6 Qxd6 26. c4 dxc3 27. bxc3 Rbd8 28. Nf2 b4 29. Ne4 bxc3 30. Nxc3 Nxc3 31. Qxc3 Qd5 32. Bxf4 Rxf4 33. Rxf4 exf4 34. Re7 Qd4 35. Qb3+ c4 36. Qxc4+ Qxc4 37. dxc4 Rd2+ 38. Kg1 Rxa2 39. c5 Rc2 40. Ra7 Rxc5 41. Rxa6 g5 42. Ra3 Re5 43. Kf2 Kf7 44. Kf3 Kf6 45. Ra6+ Re6 46. Ra3 Kg6 47. Kf2 h5 48. Rb3 hxg4 49. hxg4 Kf6 50. Ra3 Rb6 51. Ra1 Rb5 52. Rg1 Rb2+ 53. Kf3 Rb3+ 54. Ke4 Re3+ 55. Kd4 Rg3 56. Rxg3 fxg3 57. Ke3 Ke5 58. Kf3 g2 59. Kxg2 Kf4 60. Kh3 Kf3 61. Kh2 Kxg4 62. Kg2 Kf4 63. Kh3 Kf3 64. Kh2 g4 65. Kg1 Kg3 66. Kh1 Kf2 67. Kh2 g3+ 68. Kh1 g2+ 69. Kh2 g1=Q+ 0-1

[Event "FISU World University-ch 2020"]
[Site "Online"]
[Date "2020.10.26"]
[Round "8.26"]
[White "Ruperez Benito, Antonio"]
[Black "Lovo, Nicolas"]
[Result "1-0"]
[WhiteElo "2363"]
[BlackElo "1756"]
[Annotator "TA"]
[PlyCount "31"]
[EventDate "2020.10.26"]
[SourceTitle "playchess.com"]
[Source "ChessBase"]
[SourceQuality "1"]

1. e4 c5 2. Nf3 d6 3. Bb5+ Nd7 4. O-O g6 5. c3 Bg7 6. d4 a6 7. Ba4 b5 8. Bc2 Ngf6 9. e5 Ng4 10. exd6 exd6 11. Re1+ Kf8 12. dxc5 dxc5 13. Qd6+ Kg8 14. Bg5 Qb6 15. Re8+ Bf8 16. Rxf8+ 1-0

[Event "FISU World University-ch 2020"]
[Site "Online"]
[Date "2020.10.26"]
[Round "8.26"]
[White "Rodriguez Perez, Marta"]
[Black "Ramos Donaire, Maria Pradi"]
[Result "1-0"]
[WhiteElo "1636"]
[BlackElo "1558"]
[Annotator "NA"]
[PlyCount "99"]
[EventDate "2020.10.26"]
[SourceTitle "playchess.com"]
[Source "ChessBase"]
[SourceQuality "1"]

1. c4 e6 2. Nc3 Nf6 3. d4 d5 4. Bg5 c6 5. cxd5 exd5 6. Qc2 Be7 7. e3 h6 8. Bh4 Be6 9. Bd3 Nbd7 10. h3 Nb6 11. Nf3 Nfd7 12. Bg3 Bf6 13. Ne2 Rc8 14. Nf4 Qe7 15. Nh5 c5 16. Nxf6+ Nxf6 17. dxc5 Rxc5 18. Qe2 O-O 19. O-O Rfc8 20. Nd4 Ne4 21. Bf4 a6 22. Nb3 R5c6 23. Rac1 Rxc1 24. Rxc1 Rxc1+ 25. Nxc1 Qc5 26. Nb3 Qc8 27. Qd1 Nc5 28. Bc2 Nxb3 29. Bxb3 Qc6 30. Be5 Nd7 31. Bc3 Nc5 32. Qd4 f6 33. Bc2 Ne4 34. Qd3 f5 35. Be5 Qc4 36. Qd1 Qc8 37. Bb3 Qc6 38. Qd4 Qd7 39. f3 Nd6 40. Bxd5 Nf7 41. Bxe6 Qxe6 42. Bxg7 Qg6 43. Be5 Ng5 44. Qd8+ Kf7 45. Qd7+ Kg8 46. Kf2 Nf7 47. Bd4 f4 48. exf4 Qc2+ 49. Kg3 h5 50. Qe8+ 1-0

[Event "FISU World University-ch 2020"]
[Site "Online"]
[Date "2020.10.26"]
[Round "8.26"]
[White "Mejia Varela, Fernando Alexis"]
[Black "Villacorta Nicolas, David"]
[Result "1/2-1/2"]
[WhiteElo "1614"]
[BlackElo "2153"]
[Annotator "ChessBase"]
[PlyCount "112"]
[EventDate "2020.10.26"]
[SourceTitle "playchess.com"]
[Source "ChessBase"]
[SourceQuality "1"]

1. c4 Nf6 2. Nc3 c5 3. Nf3 Nc6 4. g3 g6 5. Bg2 Bg7 6. O-O O-O 7. d4 d6 8. d5 Na5 9. Qd3 e5 10. e4 a6 11. h3 Bd7 12. Bg5 h6 13. Be3 Ne8 14. Nd2 f5 15. f4 Kh7 16. Kh2 Nc7 17. Rae1 b5 18. b3 Qe7 19. exf5 Bxf5 20. Be4 Nb7 21. Bxf5 gxf5 22. fxe5 Qxe5 23. Nd1 bxc4 24. bxc4 Rae8 25. Bf2 Qf6 26. Rxe8 Nxe8 27. Ne3 Qd4 28. Qxd4 Bxd4 29. Ng2 Bc3 30. Nb3 Be5 31. Be3 Ng7 32. Bf4 Re8 33. Bxe5 Rxe5 34. Re1 Rxe1 35. Nxe1 Ne8 36. Nd3 Nf6 37. Nf2 Kg6 38. Kg2 Ne4 39. Nxe4 fxe4 40. Kf2 Kf5 41. Ke3 Ke5 42. Nd2 Na5 43. g4 Nb7 44. Nxe4 Nd8 45. Ng3 Nf7 46. h4 Nh8 47. Ne4 Nf7 48. g5 hxg5 49. Nxg5 Nxg5 50. hxg5 Kf5 51. g6 Kxg6 52. Ke4 Kg5 53. Ke3 Kf5 54. Kf3 a5 55. a4 Kg5 56. Kg3 Kf5 1/2-1/2

[Event "FISU World University-ch 2020"]
[Site "Online"]
[Date "2020.10.26"]
[Round "8.27"]
[White "Olarte Parra, Jhoan Sebastian"]
[Black "Kuruppu, Supun Dasantha"]
[Result "1-0"]
[WhiteElo "1999"]
[BlackElo "1826"]
[Annotator "ChessBase"]
[PlyCount "109"]
[EventDate "2020.10.26"]
[SourceTitle "playchess.com"]
[Source "ChessBase"]
[SourceQuality "1"]

1. c4 e5 2. g3 Nc6 3. Bg2 d6 4. Nc3 g6 5. e3 Bg7 6. Nge2 Nf6 7. O-O O-O 8. h3 Nh5 9. g4 Nf6 10. d4 Ne8 11. f4 exd4 12. exd4 Ne7 13. Be3 Nf6 14. Qd2 h5 15. g5 Nd7 16. Rae1 Nb6 17. b3 Nf5 18. Bf2 c6 19. a4 Qc7 20. a5 Nd7 21. b4 b6 22. b5 Nb8 23. a6 Ne7 24. Ng3 Rd8 25. Rxe7 Qxe7 26. bxc6 Nxa6 27. Nd5 Qf8 28. Ne4 Be6 29. Nef6+ Kh8 30. Ra1 Bxf6 31. Rxa6 Bxd5 32. Bxd5 Bg7 33. c7 Rd7 34. Bxa8 Qxa8 35. Rxa7 Qc8 36. Qa2 Kh7 37. f5 gxf5 38. Qb1 Kg6 39. Qxb6 Re7 40. Qxd6+ Re6 41. Qd8 Re8 42. Qxc8 Rxc8 43. d5 Be5 44. Bb6 Kxg5 45. c5 Kf4 46. d6 Rg8+ 47. Kf1 Kf3 48. Ra3+ Ke4 49. d7 Bd4 50. d8=Q Rg1+ 51. Ke2 Rg2+ 52. Kd1 Rg1+ 53. Kc2 Rg2+ 54. Kb3 Rb2+ 55. Ka4 1-0